000 00806cab a2200253 4500
001 ABS59546
008 090401t1998 xxu||||| |||| 00| 0 eng d
035 _a(Sirsi) u89060
041 _aeng
100 _aAldersey-Williams, J.
245 _aFactory outlet leases may be tough to enforce
260 _c1998
350 _a0
490 _aProperty Week
_v63(22) 25 September 1998, 45(1)
520 _aExamines how the property sector will be affected by new competition law due to be enacted later this autumn. Factory outlets in particular may be affected.
650 _aCOMPETITION BILL
650 _aFACTORY OUTLETS
650 _aRESTRICTIONS
650 _aRESTRICTIVE TRADE PRACTICES ACT 1976
690 _aPROPERTY LAW AND PRACTICE
700 _h
942 _n0
948 _c16/10/1998
999 _c56327
_d56327